First Lines of Billy Joel Songs - Statistics

General Stats
  • This quiz has been taken 249 times
  • The average score is 12 of 20
Answer Stats
Song Title % Correct
It's 9 o'clock on a Saturday / Regular crowd shuffles in Piano Man
97%
Harry Truman, Doris Day, Red China, Johnnie Ray / South Pacific, Walter Winchell, Joe DiMaggio We Didn't Start the Fire
90%
Slow down, you crazy child / You're so ambitious for a juvenile Vienna
73%
Anthony works in the grocery store / Savin' his pennies for someday Movin' Out (Anthony's Song)
71%
Come out, Virginia, don't let me wait / You Catholic girls start much too late Only the Good Die Young
70%
A bottle of white, a bottle of red / Perhaps a bottle of rose instead Scenes From an Italian Restaurant
69%
She can kill with a smile, she can wound with her eyes / And she can ruin your faith with her casual lies She's Always a Woman
69%
Don't go changing to try and please me / You never let me down before Just the Way You Are
68%
What's the matter with the clothes I'm wearing? / Can't you tell that your tie's too wide? It's Still Rock and Roll to Me
66%
Friday night I crashed your party / Saturday I said, "I'm sorry" You May Be Right
65%
Got a call from an old friend, we used to be real close / Said he couldn't go on the American way My Life
61%
Some folks like to get away / Take a holiday from the neighborhood New York State of Mind
57%
In the middle of the night / I go walking in my sleep The River of Dreams
55%
Well, you went uptown riding in your limousine / With your fine Park Avenue clothes Big Shot
50%
Well we all have a face / That we hide away forever The Stranger
48%
Listen, boy, I don't want to see you let a good thing slip away / You know I don't like watching anybody make the same mistakes I made Tell Her About It
43%
Some people stay far away from the door / If there's a chance of it opening up An Innocent Man
37%
All the waiters in your grand café / Leave their tables when you blink Don't Ask Me Why
36%
Ali dances, and the audience applauds / Though he's bathed in sweat, he has't lost his style Zanzibar
35%
Some love is just a lie of the heart / The cold remains of what began with a passionate start A Matter of Trust
28%
No matching quizzes found
Score Distribution
Percent of People with Each Score
Percentile by Number Answered
Your Score History
You have not taken this quiz